Statistiques concernant Culture Générale - Série 1844

Cliquez ici pour prendre le quiz!

Statistiques générales

  • Ce quiz a été pris 53 fois
  • Le résultat moyen est 3 sur 10

Statistiques - réponses

QuestionRéponse% Correct
Dans quel art François Rude (1784-1855) a-t-il excellé ?sculpture
69%
Dans quel pays peut-on visiter la péninsule de l'Istrie ? Croatie
45%
Quelle région hyper-aride de plaines sableuses située dans la partie centre-sud du Sahara qui s'étend au Niger est surnommée "le désert des déserts" ?Ténéré
39%
Selon l'expression : quelle ville doit-on voir, puis mourir ?Naples
35%
Quel est le plus grand lac d'Italie ?Garde
33%
Quel élément chiminique a pour symbole "At" ?astate
33%
Dans la mythologie grecque, de quel roi Hécube est-elle l'épouse ?Priam
27%
De quel pays le "vreneli" est-il le nom populaire d'une gamme de pièces de monnaie en or ?Suisse
20%
Dans la mythologie grecque, comment s'appelait le père d'Andromaque ?Eetion
10%
Dans le langage militaire ancien,comment appelait-on la batterie de tambour ou la sonnerie de clairon qui annonçait le réveil ?diane
2%

Distribution des résultats

Percentile par nombre de réponses

% des personnes avec chaque résultat

Votre développement - résultats

Vous n’avez pas pris ce quiz